00349nam a2200133Ia 4500008004100000041000800041082001400049100002100063245004400084250000700128260004200135300002900177365000900206240624s9999 xx 000 0 und d aeng a332.6 SHA aSHAFFER DANIEL S aPROFITING IN ECONOMIC STORMS A HISTORIC a11 c2010aNew JerseybJohn Wiley and Sons axvii, : 215 : p. ; 23cm. cb27